Chaussures - Statistiques

Statistiques générales
  • Ce quiz a été pris 267 fois
    179 depuis la dernière actualisation
  • Le résultat moyen est 6 sur 25
Statistiques - réponses
Réponse % Correct
Basket
89%
Botte
64%
Sandale
58%
Tong
52%
Mocassin
46%
Ballerine
43%
Bottine
40%
Tennis
23%
Espadrille
22%
Talon aiguille
21%
Pantoufle
20%
Babouche
17%
Sabot
17%
Cuissarde
16%
Mule
14%
Derby
12%
Richelieu
10%
Santiag
10%
Boots
9%
Nu-pied
6%
Charentaise
5%
Compensée
4%
Salomé
2%
Spartiate
2%
Slippers
1%
Aucun quiz correspondant
Distribution des résultats
% des personnes avec chaque résultat
Percentile par nombre de réponses
Votre historique - résultats
Vous n’avez pas pris ce quiz depuis la dernière actualisation